000 00319nam a2200121Ia 4500
005 20251222144828.0
008 251222s9999||||xx |||||||||||||| ||spa||
082 _a690.021.2/C24
245 0 _aReglamento Nacional de Construcciones:
250 _a12a.ed.
264 _bCámara Peruana de la Construcción
942 _cLIB
999 _c20737
_d20737